Vainqueurs de la Supercoupe d'Allemagne - Statistiques

Statistiques générales
  • Ce quiz a été pris 147 fois
    46 depuis la dernière actualisation
  • Le résultat moyen est 23 sur 26
Statistiques - réponses
Année Sieger % Correct
1987 Bayern Munich
100%
1990 Bayern Munich
100%
2010 Bayern Munich
100%
2012 Bayern Munich
100%
2016 Bayern Munich
100%
2017 Bayern Munich
100%
2018 Bayern Munich
100%
2020 Bayern Munich
100%
2021 Bayern Munich
100%
2022 Bayern Munich
100%
2025 Bayern Munich
100%
1989 Borussia Dortmund
100%
1995 Borussia Dortmund
100%
1996 Borussia Dortmund
100%
2013 Borussia Dortmund
100%
2014 Borussia Dortmund
100%
2019 Borussia Dortmund
100%
2024 Bayer Leverkusen
91%
2023 RB Leipzig
82%
1992 VfB Stuttgart
75%
2011 Schalke 04
61%
2015 VfL Wolfsburg
61%
1988 Werder Brême
59%
1993 Werder Brême
59%
1994 Werder Brême
59%
1991 1. FC Kaiserslautern
11%
Aucun quiz correspondant
Distribution des résultats
% des personnes avec chaque résultat
Percentile par nombre de réponses
Votre historique - résultats
Vous n’avez pas pris ce quiz depuis la dernière actualisation